000 00949cam a22002771 4500
001 4195
003 BD-RjUL
005 20211208233842.0
008 131222s1967 maua b 001 0 eng
035 _a(BD-RjUL)4229
035 _a(OCoLC)229160
040 _aDLC
_cODaWU
_dOCoLC
_dUk
_dDLC
_dBD-RjUL
_beng
041 _aeng
082 _a338.9498
_bMOE 1967
100 1 _aMontias, John Michael,
_d1928-
_913302
245 1 0 _aEconomic development in Communist Rumania /
_cJohn Michael Montias
260 _aCambridge, Mass. :
_bM.I.T. Press ,
_cc1967
300 _axiv, 327 p. ;
_c23 cm.
490 1 _aStudies in international communism,
_v11
504 _aBibliography: p. 307-310. and index.
651 0 _aRomania
_xEconomic conditions
_y1945-1989.
_96123
856 _uhttp://www.worldcat.org/title/economic-development-in-communist-rumania/oclc/229160&referer=brief_results
942 _2ddc
_cBK
999 _c4195
_d4195